| 000 | 00664cam a2200229 a 4500 | ||
|---|---|---|---|
| 001 | 000002595 | ||
| 005 | 20250526110105.0 | ||
| 008 | 000119s1985 sp b 001 0 spa | ||
| 010 | _a00021030 | ||
| 020 | _a0826412602 | ||
| 040 |
_aDO-SdBNP _cDLC _dDLC |
||
| 042 | _apcc | ||
| 082 |
_a152.41 _bF932a |
||
| 100 | 1 |
_aFromm, Erich, _d1900-1980. _98175 |
|
| 245 | 1 | 4 |
_aEl arte de amar : _buna investigación sobre la naturaleza del amor / _cErich Fromm. |
| 260 |
_aBarcelona : _bPaidos, _c1985. |
||
| 300 |
_a128 p. ; _c21 cm. |
||
| 650 | 4 |
_aAmar _98176 |
|
| 650 | 0 |
_aEmociones _9156 |
|
| 650 | 4 |
_aAfecto (psicología) _9157 |
|
| 910 | _aCatalogación por copia / LC | ||
| 999 |
_c2431 _d2431 |
||